[Event "South America-ch U20 13th"]
[Site "Manta"]
[Date "2017.04.26"]
[Round "2"]
[White "Jaramillo Arce, David"]
[Black "Avila Pavas, Santiago"]
[Result "1/2-1/2"]
[WhiteElo "1842"]
[BlackElo "2259"]
[PlyCount "100"]
[EventDate "2017.04.25"]
[EventType "swiss"]
[EventRounds "9"]
[EventCountry "ECU"]
[SourceTitle "CBM 178 Extra"]
[Source "ChessBase"]
[SourceDate "2017.06.22"]
[SourceVersion "1"]
[SourceVersionDate "2017.06.22"]
[SourceQuality "1"]

1. d4 Nf6 2. Nf3 c5 3. c4 cxd4 4. Nxd4 Nc6 5. g3 d5 6. Nxc6 bxc6 7. Bg2 e6 8. 0-0 Bd6 9. Nc3 0-0 10. e4 Ba6 11. Re1 dxe4 12. Qa4 Qb6 13. Be3 Qxb2 14. Nxe4 Nxe4 15. Bxe4 Qa3 16. Qc2 f5 17. Bxc6 Rab8 18. Bd4 Bc5 19. Bxc5 Qxc5 20. Bd7 f4 21. Bxe6+ Kh8 22. Bd5 Rb6 23. Re5 fxg3 24. hxg3 Rg6 25. Re3 Rg5 26. Qe4 Bc8 27. Qe7 Qxe7 28. Rxe7 Rgf5 29. f3 a6 30. Rae1 R5f6 31. Re8 g6 32. Rxf8+ Rxf8 33. Re7 Rd8 34. Kf2 Bf5 35. Ra7 Rd6 36. g4 Bb1 37. g5 h6 38. a4 hxg5 39. a5 Bf5 40. Bb7 Rd2+ 41. Ke3 Rd3+ 42. Kf2 Rd2+ 43. Ke3 Rc2 44. Bxa6 Rc3+ 45. Kf2 Rc2+ 46. Ke3 Rc3+ 47. Ke2 Rc2+ 48. Ke3 Rc3+ 49. Ke2 Rc2+ 50. Ke3 Rc3+ 1/2-1/2

[Event "South America-ch U20 13th"]
[Site "Manta"]
[Date "2017.04.26"]
[Round "3"]
[White "Jaramillo Arce, David"]
[Black "Noboa Silva, Kevin Omar"]
[Result "1-0"]
[WhiteElo "1842"]
[BlackElo "2197"]
[PlyCount "97"]
[EventDate "2017.04.25"]
[EventType "swiss"]
[EventRounds "9"]
[EventCountry "ECU"]
[SourceTitle "CBM 178 Extra"]
[Source "ChessBase"]
[SourceDate "2017.06.22"]
[SourceVersion "1"]
[SourceVersionDate "2017.06.22"]
[SourceQuality "1"]

1. d4 Nf6 2. g3 d5 3. Bg2 c6 4. Nf3 Bf5 5. 0-0 h6 6. c4 e6 7. Nc3 Nbd7 8. b3 Be7 9. Bb2 0-0 10. Nd2 a5 11. e4 dxe4 12. Ndxe4 Nxe4 13. Nxe4 Bxe4 14. Bxe4 Bf6 15. Qc2 Qb6 16. Rad1 Rfd8 17. Rd3 a4 18. Rfd1 axb3 19. Rxb3 Qc7 20. Bc1 e5 21. Qb1 Nc5 22. Bh7+ Kh8 23. Rf3 Rxd4 24. Rxd4 exd4 25. Bxh6 Qe7 26. Bf4 g6 27. Bxg6 fxg6 28. Qxg6 Nd7 29. Bg5 Bxg5 30. Rf7 Qxf7 31. Qxf7 Nf8 32. Qh5+ Nh7 33. h4 Bf6 34. g4 Bg7 35. g5 Kg8 36. Qe2 Nf8 37. h5 Rd8 38. Qd3 Ne6 39. Qf5 Nf4 40. Qxf4 d3 41. Qc7 Rd4 42. h6 Bf8 43. h7+ Kh8 44. Qf7 Rg4+ 45. Kf1 Rxg5 46. Qxf8+ Kxh7 47. Qe7+ Kg6 48. Qd6+ Kf7 49. Qxd3 1-0

[Event "South America-ch U20 13th"]
[Site "Manta"]
[Date "2017.04.25"]
[Round "1"]
[White "Reyes, Jesus"]
[Black "Jaramillo Arce, David"]
[Result "0-1"]
[WhiteElo "1302"]
[BlackElo "1842"]
[PlyCount "64"]
[EventDate "2017.04.25"]
[EventType "swiss"]
[EventRounds "9"]
[EventCountry "ECU"]
[SourceTitle "CBM 178 Extra"]
[Source "ChessBase"]
[SourceDate "2017.06.22"]
[SourceVersion "1"]
[SourceVersionDate "2017.06.22"]
[SourceQuality "1"]

1. e4 c5 2. Nf3 d6 3. d4 cxd4 4. Nxd4 Nf6 5. Nc3 a6 6. a4 e5 7. Nf3 Be7 8. Be2 0-0 9. 0-0 Be6 10. b3 Qa5 11. Bb2 Nc6 12. Re1 Rfd8 13. Bf1 Rac8 14. Qe2 Bg4 15. Qe3 Nb4 16. Rac1 h6 17. h3 Be6 18. Red1 Rc5 19. Rd2 Rdc8 20. Bd3 Rxc3 21. Bxc3 Rxc3 22. Qe2 Bxb3 23. Rdd1 Bxa4 24. Qd2 Qc5 25. Ne1 Nh5 26. g3 Bg5 27. Qe2 Bxc1 28. Rxc1 Nf6 29. Kg2 Nxd3 30. Nxd3 Qc4 31. Qd2 Bxc2 32. Nb2 Bxe4+ 0-1

[Event "Wch U12"]
[Site "Al Ain"]
[Date "2013.12.28"]
[Round "11"]
[White "Jaramillo Arce, David"]
[Black "Kistrup, Nicolai"]
[Result "1-0"]
[WhiteElo "1527"]
[BlackElo "1735"]
[PlyCount "111"]
[EventDate "2013.12.18"]
[EventType "swiss"]
[EventRounds "11"]
[EventCountry "UAE"]
[SourceTitle "CBM 158 Extra"]
[Source "ChessBase"]
[SourceDate "2014.02.28"]
[SourceVersion "1"]
[SourceVersionDate "2014.02.28"]
[SourceQuality "1"]

1. e4 c5 2. Nf3 d6 3. d4 cxd4 4. Nxd4 Nf6 5. Nc3 g6 6. Be3 Bg7 7. f3 Nc6 8. Qd2 Bd7 9. Bc4 a6 10. 0-0-0 Ne5 11. Bb3 Rc8 12. Kb1 Nc4 13. Bxc4 Rxc4 14. Nb3 b5 15. g4 a5 16. e5 dxe5 17. g5 Nh5 18. Bb6 Qc8 19. Nxa5 Rd4 20. Bxd4 exd4 21. Ne4 0-0 22. Rhe1 e5 23. Qb4 Nf4 24. Nb3 Nd5 25. Qc5 Ne3 26. Rd2 Bh3 27. Qxb5 Qf5 28. Rf2 Bg4 29. Qe2 Qxe4 30. fxe4 Bxe2 31. Rfxe2 h6 32. h4 f5 33. Rxe3 dxe3 34. Rxe3 hxg5 35. hxg5 Rd8 36. a4 Rd1+ 37. Ka2 Rd6 38. c4 f4 39. Rf3 Bf8 40. c5 Rc6 41. Ka3 Be7 42. Kb4 Bxg5 43. Na5 Rc8 44. c6 Bd8 45. Nb7 Bb6 46. Kb5 Bd4 47. b4 g5 48. Nd6 Rxc6 49. Kxc6 g4 50. Rf1 g3 51. Nf5 g2 52. Rd1 f3 53. Nh4 g1Q 54. Rxg1+ Bxg1 55. Nxf3 Bd4 56. b5 1-0

[Event "Wch U12"]
[Site "Al Ain"]
[Date "2013.12.21"]
[Round "5"]
[White "Jaramillo Arce, David"]
[Black "Sahki, Saphir"]
[Result "1-0"]
[WhiteElo "1527"]
[BlackElo "1699"]
[PlyCount "71"]
[EventDate "2013.12.18"]
[EventType "swiss"]
[EventRounds "11"]
[EventCountry "UAE"]
[SourceTitle "CBM 158 Extra"]
[Source "ChessBase"]
[SourceDate "2014.02.28"]
[SourceVersion "1"]
[SourceVersionDate "2014.02.28"]
[SourceQuality "1"]

1. e4 e5 2. Nf3 Nc6 3. Bb5 a6 4. Ba4 Bc5 5. Nxe5 Bxf2+ 6. Kxf2 Nxe5 7. Rf1 Nf6 8. Nc3 0-0 9. Kg1 c5 10. d3 h6 11. Bf4 d6 12. Qe2 b5 13. Bb3 Bb7 14. Bxe5 dxe5 15. g4 b4 16. Nd1 a5 17. Ne3 Qd4 18. Kh1 Qd8 19. Nf5 Bc8 20. Ne3 Qe7 21. Rf2 Be6 22. Bxe6 Qxe6 23. Raf1 Ra6 24. Rxf6 Qc8 25. Rxa6 Qxa6 26. Nc4 Qe6 27. Qf2 Qe7 28. Nxa5 Ra8 29. Nb3 Rxa2 30. Qxc5 Qxc5 31. Nxc5 Ra8 32. Kg1 Rc8 33. Nd7 f6 34. Rf2 Rc6 35. b3 Kf7 36. Nxe5+ 1-0

[Event "Wch U12"]
[Site "Al Ain"]
[Date "2013.12.21"]
[Round "4"]
[White "Kelemen, David"]
[Black "Jaramillo Arce, David"]
[Result "1-0"]
[WhiteElo "1784"]
[BlackElo "1527"]
[PlyCount "151"]
[EventDate "2013.12.18"]
[EventType "swiss"]
[EventRounds "11"]
[EventCountry "UAE"]
[SourceTitle "CBM 158 Extra"]
[Source "ChessBase"]
[SourceDate "2014.02.28"]
[SourceVersion "1"]
[SourceVersionDate "2014.02.28"]
[SourceQuality "1"]

1. e4 c5 2. Nf3 d6 3. d4 cxd4 4. Nxd4 Nf6 5. Nc3 a6 6. Be3 e5 7. Nb3 Be6 8. Qd2 Nbd7 9. 0-0-0 b5 10. f3 Nb6 11. Bxb6 Qxb6 12. Nd5 Bxd5 13. exd5 a5 14. Qd3 Rb8 15. Qc3 b4 16. Qc6+ Qxc6 17. dxc6 a4 18. c7 Rc8 19. Bb5+ Ke7 20. Bxa4 Rxc7 21. Na5 Nd7 22. Nc6+ Kf6 23. Nxb4 Ra7 24. Bb3 Nc5 25. Nd5+ Kg6 26. Bc4 f5 27. b4 Nd7 28. Kb2 Nf6 29. Rhe1 Nxd5 30. Bxd5 Be7 31. Kb3 Rb8 32. a4 Bd8 33. Bc6 Bc7 34. Ra1 Kf6 35. Kc4 Bb6 36. a5 Bd4 37. c3 Bxc3 38. Kxc3 Rc7 39. Kb3 Rxc6 40. a6 Rcb6 41. Ra4 Ke6 42. a7 Ra8 43. Ra5 Kd7 44. b5 Kc7 45. Kc4 Kb7 46. Rea1 Rc8+ 47. Kd5 Ka8 48. Ke6 g6 49. Rd1 e4 50. fxe4 fxe4 51. Kd5 e3 52. Kd4 e2 53. Re1 Re8 54. Kd3 Re5 55. Rxe2 Rxe2 56. Kxe2 Rb7 57. Kd3 Rxa7 58. Rxa7+ Kxa7 59. Kd4 Kb6 60. Kd5 Kxb5 61. Kxd6 Kc4 62. Ke6 Kd3 63. Kf6 Ke3 64. Kg7 Kf2 65. g4 Kf3 66. h3 h5 67. g5 h4 68. Kxg6 Kg3 69. Kf7 Kxh3 70. g6 Kh2 71. g7 h3 72. g8Q Kh1 73. Qa8+ Kg1 74. Qa1+ Kg2 75. Qb2+ Kg1 76. Qc1+ 1-0

[Event "Wch U10"]
[Site "Caldas Novas"]
[Date "2011.11.22"]
[Round "5"]
[White "Jaramillo Arce, David"]
[Black "Gazik, Viktor"]
[Result "0-1"]
[WhiteElo "1452"]
[BlackElo "1978"]
[PlyCount "76"]
[EventDate "2011.11.18"]
[EventType "swiss"]
[EventRounds "9"]
[EventCountry "BRA"]
[SourceTitle "EXT 2013"]
[Source "ChessBase"]
[SourceDate "2012.11.22"]
[SourceVersion "1"]
[SourceVersionDate "2012.11.22"]
[SourceQuality "1"]

1. c4 g6 2. Nc3 Bg7 3. g3 e5 4. Bg2 d6 5. e3 Nc6 6. Nge2 f5 7. b3 Nf6 8. 0-0 0-0 9. d4 Qe8 10. Bb2 g5 11. f4 gxf4 12. exf4 exd4 13. Nd5 Nxd5 14. Bxd5+ Be6 15. Bg2 Bf7 16. Re1 Bh5 17. Qd2 Bxe2 18. Rxe2 Qh5 19. Rae1 Rae8 20. a3 Rxe2 21. Rxe2 Re8 22. Rxe8+ Qxe8 23. Bxc6 Qxc6 24. Bxd4 Bxd4+ 25. Qxd4 Qb6 26. Qxb6 axb6 27. Kf2 Kf7 28. Ke3 Ke6 29. Kd4 c6 30. b4 c5+ 31. Ke3 d5 32. cxd5+ Kxd5 33. Kd3 c4+ 34. Ke3 b5 35. h3 h5 36. h4 b6 37. g4 fxg4 38. f5 Ke5 0-1

[Event "Pan American-ch U10"]
[Site "Cali"]
[Date "2011.07.06"]
[Round "6"]
[White "Gonzalez Curse, Flavio Fernando"]
[Black "Jaramillo Arce, David"]
[Result "1/2-1/2"]
[WhiteElo "1715"]
[BlackElo "1492"]
[PlyCount "21"]
[EventDate "2011.07.03"]
[EventType "swiss"]
[EventRounds "9"]
[EventCountry "COL"]
[SourceTitle "CBM 143 Extra"]
[Source "ChessBase"]
[SourceDate "2011.08.29"]
[SourceVersion "1"]
[SourceVersionDate "2011.08.29"]
[SourceQuality "1"]

1. e4 c5 2. d4 cxd4 3. c3 d3 4. Bxd3 Nc6 5. Nf3 d5 6. exd5 Qxd5 7. Be2 Qa5 8. 0-0 Nf6 9. h3 Bd7 10. Be3 g6 11. Qb3 1/2-1/2